| 000 -LEADER |
| fixed length control field |
00396nam a2200133 4500 |
| 008 - FIXED-LENGTH DATA ELEMENTS--GENERAL INFORMATION |
| fixed length control field |
191024b ||||| |||| 00| 0 eng d |
| 100 ## - MAIN ENTRY--PERSONAL NAME |
| Personal name |
Shtob, Daniel A. |
| 245 ## - TITLE STATEMENT |
| Title |
Remembering the future: Natural disaster, place, and symbolic survival |
| 260 ## - PUBLICATION, DISTRIBUTION, ETC. (IMPRINT) |
| Name of publisher, distributor, etc |
Rural Sociology |
| 300 ## - PHYSICAL DESCRIPTION |
| Extent |
84(1), Mar, 2019: p.123-147. |
| 773 ## - HOST ITEM ENTRY |
| Main entry heading |
Rural Sociology |
| 906 ## - LOCAL DATA ELEMENT F, LDF (RLIN) |
| Subject DIP |
Disasters |
| 942 ## - ADDED ENTRY ELEMENTS (KOHA) |
| Source of classification or shelving scheme |
|
| Item type |
Articles |